[Event "Titled Tuesday intern op 22nd Feb Early"]
[Site "Chess.com INT"]
[Date "2022.02.22"]
[Round "11"]
[White "Przybylski, Wojciech"]
[Black "Djaparov, Medet"]
[Result "1-0"]
[WhiteElo "2321"]
[BlackElo "1660"]
[PlyCount "65"]
[EventDate "2022.02.22"]
[EventType "swiss (blitz)"]
[EventRounds "11"]
[EventCountry "USA"]
[SourceTitle "CBM 207 Extra"]
[Source "ChessBase"]
[SourceDate "2022.05.31"]
[SourceVersion "1"]
[SourceVersionDate "2022.05.31"]
[SourceQuality "1"]

1. e4 e5 2. Nf3 Nc6 3. Bb5 Nf6 4. 0-0 Nxe4 5. d4 Nd6 6. Bxc6 dxc6 7. dxe5 Nf5 8. Qxd8+ Kxd8 9. h3 Bc5 10. Bg5+ Ke8 11. Rd1 Be7 12. Nc3 h6 13. Bf4 Bb4 14. Ne2 Ne7 15. a3 Bc5 16. c4 Be6 17. Rac1 a5 18. Nfd4 Ng6 19. Be3 Ke7 20. f4 Nh4 21. Nxc6+ bxc6 22. Bxc5+ Ke8 23. g4 h5 24. f5 Bd7 25. Rd3 hxg4 26. hxg4 Rb8 27. Rcd1 Rd8 28. e6 fxe6 29. fxe6 Ng6 30. Rxd7 Rxd7 31. Rxd7 Ne5 32. Rxc7 Nxc4 33. Rc8# 1-0

[Event "Titled Tuesday intern op 15th Feb Early"]
[Site "Chess.com INT"]
[Date "2022.02.15"]
[Round "7"]
[White "Coto Mederos, Michel"]
[Black "Djaparov, Medet"]
[Result "1-0"]
[WhiteElo "2348"]
[BlackElo "1660"]
[PlyCount "39"]
[EventDate "2022.02.15"]
[EventType "swiss (blitz)"]
[EventRounds "11"]
[EventCountry "USA"]
[SourceTitle "CBM 206 Extra"]
[Source "ChessBase"]
[SourceDate "2022.03.31"]
[SourceVersion "1"]
[SourceVersionDate "2022.03.31"]
[SourceQuality "1"]

1. c4 Nf6 2. Nc3 g6 3. g3 d5 4. Bg2 c6 5. cxd5 cxd5 6. d4 Bg7 7. Nf3 Nc6 8. 0-0 0-0 9. Ne5 Bf5 10. Nxc6 bxc6 11. Bf4 Qb6 12. Na4 Qb5 13. Rc1 e6 14. b3 Be4 15. f3 Bf5 16. g4 Bxg4 17. fxg4 Nxg4 18. e3 Qb7 19. Qxg4 f5 20. Qg3 1-0

[Event "Titled Tuesday intern op 08th Feb Early"]
[Site "Chess.com INT"]
[Date "2022.02.08"]
[Round "2"]
[White "De Souza, Cristiano Gomes"]
[Black "Djaparov, Medet"]
[Result "1-0"]
[WhiteElo "2018"]
[BlackElo "1660"]
[PlyCount "71"]
[EventDate "2022.02.08"]
[EventType "swiss (blitz)"]
[EventRounds "11"]
[EventCountry "USA"]
[SourceTitle "CBM 206 Extra"]
[Source "ChessBase"]
[SourceDate "2022.03.31"]
[SourceVersion "1"]
[SourceVersionDate "2022.03.31"]
[SourceQuality "1"]

1. d4 Nf6 2. c4 g6 3. Nc3 d5 4. Bf4 Bg7 5. Nf3 0-0 6. e3 Bg4 7. Rc1 Nc6 8. h3 Bxf3 9. Qxf3 e6 10. Bd3 Nb4 11. Be2 c6 12. a3 Na6 13. 0-0 Nh5 14. Bh2 Nc7 15. b4 Re8 16. Rfd1 Nf6 17. g4 dxc4 18. Bxc4 Nfd5 19. Ne4 b5 20. Ba2 Re7 21. Rxc6 Qd7 22. Rdc1 f5 23. gxf5 exf5 24. Rxc7 Qxc7 25. Rxc7 fxe4 26. Bxd5+ Kh8 27. Qg4 Rxc7 28. Bxc7 Rf8 29. Be5 Bxe5 30. dxe5 Kg7 31. e6 Kf6 32. Qf4+ Ke7 33. Qc7+ Kf6 34. e7 Re8 35. Qd6+ Kg7 36. Bc6 1-0

[Event "Titled Tuesday intern op 08th Feb Early"]
[Site "Chess.com INT"]
[Date "2022.02.08"]
[Round "7"]
[White "Djaparov, Medet"]
[Black "Thomas, Anysia"]
[Result "0-1"]
[WhiteElo "1660"]
[BlackElo "2163"]
[PlyCount "48"]
[EventDate "2022.02.08"]
[EventType "swiss (blitz)"]
[EventRounds "11"]
[EventCountry "USA"]
[SourceTitle "CBM 206 Extra"]
[Source "ChessBase"]
[SourceDate "2022.03.31"]
[SourceVersion "1"]
[SourceVersionDate "2022.03.31"]
[SourceQuality "1"]

1. e4 c5 2. Nf3 g6 3. d4 cxd4 4. Nxd4 Nc6 5. Nc3 Bg7 6. Be3 Nf6 7. Bc4 0-0 8. 0-0 Nxe4 9. Nxe4 d5 10. Nxc6 bxc6 11. Bd3 dxe4 12. Bxe4 Qc7 13. c3 Rb8 14. Rb1 Ba6 15. Re1 Rfd8 16. Qf3 Bc4 17. b3 Bd5 18. c4 Bxe4 19. Qxe4 Rb7 20. Bf4 Qd7 21. Qf3 Qf5 22. Qxc6 Rbd7 23. Bg3 Rd2 24. Rxe7 Qxb1+ 0-1

[Event "Titled Tuesday intern op 07th Dec"]
[Site "Chess.com INT"]
[Date "2021.12.07"]
[Round "2"]
[White "Djaparov, Medet"]
[Black "Mihailidis, Anastasios"]
[Result "1-0"]
[WhiteElo "1667"]
[BlackElo "2235"]
[PlyCount "73"]
[EventDate "2021.12.07"]
[EventType "swiss (blitz)"]
[EventRounds "11"]
[EventCountry "USA"]
[SourceTitle "CBM 205 Extra"]
[Source "ChessBase"]
[SourceDate "2022.01.31"]
[SourceVersion "1"]
[SourceVersionDate "2022.01.31"]
[SourceQuality "1"]

1. d4 d5 2. c4 e6 3. Nc3 Nf6 4. cxd5 exd5 5. Bg5 Be7 6. e3 h6 7. Bf4 0-0 8. Bd3 c6 9. Nf3 Bg4 10. h3 Be6 11. Qc2 Nbd7 12. 0-0 Re8 13. Ne5 Nxe5 14. Bxe5 Nd7 15. Bh2 g6 16. Bxg6 Kh8 17. Bf5 Rg8 18. Bxe6 fxe6 19. f4 Nf6 20. Kh1 Qd7 21. f5 Raf8 22. Be5 Bd8 23. fxe6 Qxe6 24. Ne2 Be7 25. Nf4 Qf7 26. Qf5 Rg7 27. Ne6 Rgg8 28. Nxf8 Rxf8 29. Rf3 b6 30. Raf1 Qg7 31. Rg3 Qf7 32. Rg6 Qh7 33. Rxf6 Bxf6 34. Bxf6+ Kg8 35. Qg4+ Kf7 36. Bg7+ Kg8 37. Rxf8# 1-0

[Event "Titled Tuesday intern op 07th Dec"]
[Site "Chess.com INT"]
[Date "2021.12.07"]
[Round "8"]
[White "Djaparov, Medet"]
[Black "Mirzanurov, Bulat"]
[Result "1-0"]
[WhiteElo "1667"]
[BlackElo "2199"]
[PlyCount "89"]
[EventDate "2021.12.07"]
[EventType "swiss (blitz)"]
[EventRounds "11"]
[EventCountry "USA"]
[SourceTitle "CBM 205 Extra"]
[Source "ChessBase"]
[SourceDate "2022.01.31"]
[SourceVersion "1"]
[SourceVersionDate "2022.01.31"]
[SourceQuality "1"]

1. e4 c5 2. Nf3 d6 3. d4 cxd4 4. Nxd4 Nf6 5. Nc3 a6 6. Bg5 e6 7. f4 h6 8. Bh4 Qb6 9. Qd3 Qxb2 10. Rb1 Qa3 11. f5 Qa5 12. fxe6 fxe6 13. Be2 Nc6 14. Nxc6 bxc6 15. 0-0 Be7 16. Kh1 0-0 17. Qc4 Bd7 18. Rb7 Rfd8 19. Rxd7 Rxd7 20. Qxe6+ Kh8 21. Bxf6 Bxf6 22. Qxd7 Qxc3 23. Qxd6 Be5 24. Qd3 Rb8 25. Qxc3 Bxc3 26. Bxa6 Rb2 27. Bd3 Rxa2 28. Rf8+ Kh7 29. e5+ g6 30. Rf7+ Kg8 31. e6 Ra1+ 32. Bf1 Re1 33. Rf3 Bg7 34. g3 Rxe6 35. Bc4 Be5 36. Bxe6+ Kg7 37. Rf7+ Kh8 38. Kg2 g5 39. c4 c5 40. Kf3 Bd4 41. Ke4 Bc3 42. Kf5 Bd4 43. Kg6 Bg7 44. Rxg7 h5 45. Rh7# 1-0

[Event "Titled Tuesday intern op 30th Nov"]
[Site "Chess.com INT"]
[Date "2021.11.30"]
[Round "5"]
[White "Miszler, Levente"]
[Black "Djaparov, Medet"]
[Result "0-1"]
[WhiteElo "2225"]
[BlackElo "1667"]
[PlyCount "44"]
[EventDate "2021.11.30"]
[EventType "swiss (blitz)"]
[EventRounds "11"]
[EventCountry "USA"]
[SourceTitle "CBM 205 Extra"]
[Source "ChessBase"]
[SourceDate "2022.01.31"]
[SourceVersion "1"]
[SourceVersionDate "2022.01.31"]
[SourceQuality "1"]

1. Nf3 Nf6 2. d4 g6 3. c4 Bg7 4. Nc3 d5 5. cxd5 Nxd5 6. e4 Nxc3 7. bxc3 c5 8. Be2 Nc6 9. Be3 Bg4 10. Qa4 Bxf3 11. Bxf3 cxd4 12. cxd4 Bxd4 13. Rd1 e5 14. Bxd4 exd4 15. e5 0-0 16. Bxc6 bxc6 17. Qxd4 Qa5+ 18. Kf1 Rad8 19. Qa1 Rxd1+ 20. Qxd1 Rd8 21. Qc1 Qb5+ 22. Kg1 Qe2 0-1

[Event "Titled Tuesday intern op 16th Nov"]
[Site "Chess.com INT"]
[Date "2021.11.16"]
[Round "2"]
[White "Maly, Alexey"]
[Black "Djaparov, Medet"]
[Result "0-1"]
[WhiteElo "2368"]
[BlackElo "1667"]
[PlyCount "82"]
[EventDate "2021.11.16"]
[EventType "swiss (blitz)"]
[EventRounds "11"]
[EventCountry "USA"]
[SourceTitle "CBM 205 Extra"]
[Source "ChessBase"]
[SourceDate "2022.01.31"]
[SourceVersion "1"]
[SourceVersionDate "2022.01.31"]
[SourceQuality "1"]

1. d4 Nf6 2. c4 g6 3. Nc3 d5 4. cxd5 Nxd5 5. e4 Nxc3 6. bxc3 Bg7 7. Nf3 c5 8. Be3 Nc6 9. Qd2 cxd4 10. cxd4 Bg4 11. Rd1 0-0 12. d5 Ne5 13. Be2 Bxf3 14. gxf3 Rc8 15. 0-0 b6 16. f4 Nc4 17. Bxc4 Rxc4 18. Qd3 Qc7 19. Rc1 Rc8 20. Kg2 b5 21. e5 a6 22. h3 f6 23. Rxc4 bxc4 24. Qa3 fxe5 25. Qxa6 Qd7 26. Qa5 exf4 27. Bxf4 c3 28. Rc1 Qf5 29. Be3 Qe4+ 30. Kg1 c2 31. Qa6 Qf5 32. Qa4 Bb2 33. Re1 c1Q 34. Bxc1 Bxc1 35. Qa6 Rf8 36. Rxc1 Qxf2+ 37. Kh1 Qf3+ 38. Kg1 Qe3+ 39. Kh2 Rf2+ 40. Kg1 Qg3+ 41. Kh1 Qg2# 0-1

[Event "Titled Tuesday intern op 02nd Nov"]
[Site "Chess.com INT"]
[Date "2021.11.02"]
[Round "6"]
[White "Djaparov, Medet"]
[Black "Petrovskiy, Vadim"]
[Result "1-0"]
[WhiteElo "1667"]
[BlackElo "2153"]
[PlyCount "193"]
[EventDate "2021.11.02"]
[EventType "swiss (blitz)"]
[EventRounds "11"]
[EventCountry "USA"]
[SourceTitle "CBM 205 Extra"]
[Source "ChessBase"]
[SourceDate "2022.01.31"]
[SourceVersion "1"]
[SourceVersionDate "2022.01.31"]
[SourceQuality "1"]

1. e4 c5 2. Nf3 d6 3. d4 cxd4 4. Nxd4 Nf6 5. Nc3 a6 6. Bg5 e6 7. f4 h6 8. Bh4 Be7 9. Qf3 Nbd7 10. 0-0-0 Qc7 11. Bxf6 Bxf6 12. h4 b6 13. g4 Bb7 14. g5 Bxd4 15. Rxd4 0-0-0 16. Bg2 hxg5 17. hxg5 Rxh1+ 18. Bxh1 e5 19. Nd5 Bxd5 20. Rxd5 exf4 21. Bg2 Ne5 22. Qxf4 b5 23. Kb1 Rh8 24. a4 b4 25. Bf1 Rh1 26. Rd1 Kb8 27. Qd2 Qb6 28. a5 Qc5 29. Bxa6 Nf3 30. Qe2 Rxd1+ 31. Qxd1 Nxg5 32. Bd3 f6 33. a6 Ka7 34. Qh5 Qc7 35. Qe8 Nf7 36. Qb5 Ne5 37. Be2 g5 38. Qxb4 g4 39. Qd4+ Qc5 40. Qd2 g3 41. Bf1 Qf2 42. Qxf2+ gxf2 43. Kc1 Nf3 44. Kd1 Kb6 45. Ke2 Nd4+ 46. Kd3 Nc6 47. Ke3 Nb4 48. c3 Nc6 49. Kxf2 Kc5 50. b4+ Kb6 51. Ke3 Ka7 52. Kf4 Ne7 53. Bc4 Kb6 54. Bd3 Ka7 55. Ke3 Kb6 56. Kd4 Kc7 57. c4 Kb6 58. b5 Kc7 59. c5 dxc5+ 60. Kxc5 Nc8 61. Bc4 Nb6 62. Be6 Na4+ 63. Kb4 Nb6 64. Bd5 Nc8 65. Bc6 Kb6 66. Bb7 Nd6 67. Bc6 Nf7 68. Kc3 Ne5 69. Kd4 Ng4 70. Kd5 Ne3+ 71. Ke6 Ng4 72. Kf5 Nf2 73. Kxf6 Kc7 74. e5 Kb6 75. e6 Ng4+ 76. Kf5 Nh6+ 77. Kg5 Ng8 78. Kf4 Kc7 79. a7 Ne7 80. a8Q Kd6 81. Qd8+ Kxe6 82. Qd7+ Kf6 83. Qd6+ Kf7 84. Bd5+ Ke8 85. Be4 Kf7 86. Qe5 Ng8 87. Qh5+ Kf8 88. Qf5+ Ke7 89. b6 Nf6 90. Qe5+ Kf7 91. Bd5+ Kg6 92. Qg5+ Kh7 93. Be4+ Kh8 94. Qxf6+ Kg8 95. Qe6+ Kg7 96. Qe7+ Kh8 97. Qf8# 1-0

[Event "Titled Tuesday intern op 26th Oct"]
[Site "Chess.com INT"]
[Date "2021.10.26"]
[Round "5"]
[White "Costachi, Mihnea"]
[Black "Djaparov, Medet"]
[Result "1/2-1/2"]
[WhiteElo "2471"]
[BlackElo "1667"]
[PlyCount "194"]
[EventDate "2021.10.26"]
[EventType "swiss (blitz)"]
[EventRounds "11"]
[EventCountry "USA"]
[SourceTitle "CBM 204 Extra"]
[Source "ChessBase"]
[SourceDate "2021.11.30"]
[SourceVersion "1"]
[SourceVersionDate "2021.11.30"]
[SourceQuality "1"]

1. d4 Nf6 2. Bg5 d5 3. e3 c5 4. Bxf6 gxf6 5. c3 e6 6. Nd2 Nc6 7. Bd3 f5 8. dxc5 Bxc5 9. Nb3 Bd6 10. Qh5 Bd7 11. Nf3 Qf6 12. Nfd4 a6 13. 0-0-0 0-0-0 14. Nxc6 Bxc6 15. Nd4 Bd7 16. Kb1 Kb8 17. Rc1 Rc8 18. f4 Rhg8 19. g3 Qg6 20. Qe2 Qf6 21. Qc2 Rc7 22. Qb3 Ka7 23. c4 dxc4 24. Rxc4 Rgc8 25. Rhc1 Rxc4 26. Rxc4 Rxc4 27. Qxc4 Qd8 28. Nb3 Qb6 29. Qd4 Qxd4 30. Nxd4 b5 31. e4 fxe4 32. Bxe4 h6 33. Kc2 Kb6 34. Kd3 f5 35. Bf3 e5 36. fxe5 Bxe5 37. b3 Kc5 38. Ne2 Kb4 39. Kc2 Ka3 40. Kb1 a5 41. Bd5 Kb4 42. Kc2 Kc5 43. Bf3 Be6 44. Nc3 a4 45. bxa4 b4 46. Ne2 Bxa2 47. Nc1 Bc4 48. Be2 b3+ 49. Nxb3+ Bxb3+ 50. Kxb3 Kd4 51. a5 Ke3 52. a6 Bd4 53. Bh5 Kf2 54. Kc4 Ba7 55. Bg6 Kg2 56. Bxf5 Kxh2 57. g4 Kg3 58. Kd5 Kf4 59. Bd7 Kg5 60. Be8 Kxg4 61. Kc6 h5 62. Kb7 Bf2 63. Bd7+ Kg5 64. Kc6 h4 65. Bh3 Kf4 66. Bf1 Kg3 67. Kb7 h3 68. Bc4 Bc5 69. Bd5 h2 70. Kc6 Be3 71. Kb5 Bf2 72. Kc4 Be3 73. Kd3 Ba7 74. Ke4 Kf2 75. Ke5 Kg1 76. Kd6 h1Q 77. Bxh1 Kxh1 78. Kc6 Bf2 79. Kc7 Ba7 80. Kb7 Be3 81. Kb8 Bb6 82. Kc8 Bc5 83. Kb7 Bd4 84. Kc6 Be3 85. Kd5 Bf2 86. Ke4 Bg1 87. Kf3 Ba7 88. Ke4 Bg1 89. Ke5 Ba7 90. Kd5 Bg1 91. Kc6 Ba7 92. Kc7 Bg1 93. Kb8 Bb6 94. Kb7 Bd4 95. Ka8 Bb6 96. Kb8 Bc5 97. Kb7 Bd4 1/2-1/2

[Event "Titled Tuesday intern op 26th Oct"]
[Site "Chess.com INT"]
[Date "2021.10.26"]
[Round "11"]
[White "Djaparov, Medet"]
[Black "Wagh, Suyog"]
[Result "0-1"]
[WhiteElo "1667"]
[BlackElo "2246"]
[PlyCount "60"]
[EventDate "2021.10.26"]
[EventType "swiss (blitz)"]
[EventRounds "11"]
[EventCountry "USA"]
[SourceTitle "CBM 204 Extra"]
[Source "ChessBase"]
[SourceDate "2021.11.30"]
[SourceVersion "1"]
[SourceVersionDate "2021.11.30"]
[SourceQuality "1"]

1. d4 Nf6 2. c4 g6 3. Nf3 Bg7 4. g3 0-0 5. Bg2 d5 6. cxd5 Nxd5 7. 0-0 Nb6 8. Nc3 Nc6 9. d5 Nb4 10. e4 a5 11. Be3 Nc4 12. Bd4 Nxb2 13. Qe2 Bxd4 14. Nxd4 c5 15. Nb3 N4d3 16. Nxc5 Nxc5 17. Qxb2 Bd7 18. Rad1 b5 19. a3 Qb8 20. d6 e6 21. e5 Ra6 22. Ne4 Nxe4 23. Bxe4 f6 24. exf6 Rxd6 25. Rxd6 Qxd6 26. Bf3 Qd3 27. Be2 Qf5 28. Rd1 Bc6 29. Rd6 Bd5 30. Bxb5 Rb8 0-1

[Event "Titled Tuesday intern op 26th Oct"]
[Site "Chess.com INT"]
[Date "2021.10.26"]
[Round "4"]
[White "Djaparov, Medet"]
[Black "Weichhold, Pawel"]
[Result "1-0"]
[WhiteElo "1667"]
[BlackElo "2430"]
[PlyCount "107"]
[EventDate "2021.10.26"]
[EventType "swiss (blitz)"]
[EventRounds "11"]
[EventCountry "USA"]
[SourceTitle "CBM 204 Extra"]
[Source "ChessBase"]
[SourceDate "2021.11.30"]
[SourceVersion "1"]
[SourceVersionDate "2021.11.30"]
[SourceQuality "1"]

1. d4 Nf6 2. c4 g6 3. Nf3 Bg7 4. g3 0-0 5. Bg2 d6 6. 0-0 Nc6 7. Nc3 Bg4 8. d5 Na5 9. b3 c5 10. Bd2 e5 11. dxe6 Bxe6 12. e4 Bg4 13. h3 Bxf3 14. Qxf3 Nc6 15. Rad1 Nd4 16. Qd3 Qe7 17. f4 Nh5 18. Nd5 Qd8 19. Kh2 Nf6 20. Nc3 Nd7 21. Be3 Nb8 22. e5 dxe5 23. Bxb7 Nd7 24. Bxa8 Qxa8 25. Qe4 Qd8 26. fxe5 Nxe5 27. Bxd4 cxd4 28. Ne2 Qa5 29. Nxd4 Qxa2+ 30. Qg2 Qa3 31. Qc2 Rc8 32. Nb5 Qe7 33. Nd6 Rb8 34. c5 h5 35. Rd5 h4 36. g4 Rd8 37. Qe4 Rd7 38. Re1 f6 39. b4 Rc7 40. b5 Bf8 41. c6 Qe6 42. Kg2 Bxd6 43. Qd4 Be7 44. g5 Qf5 45. gxf6 Qg5+ 46. Kh1 Qg3 47. Rdxe5 Qxh3+ 48. Kg1 Qg3+ 49. Kf1 Qh3+ 50. Ke2 Qg2+ 51. Kd1 Qg4+ 52. Qxg4 Rc8 53. Qxg6+ Kh8 54. Qg7# 1-0

[Event "Titled Tuesday intern op 26th Oct"]
[Site "Chess.com INT"]
[Date "2021.10.26"]
[Round "7"]
[White "Hjartarson, Johann"]
[Black "Djaparov, Medet"]
[Result "1/2-1/2"]
[WhiteElo "2499"]
[BlackElo "1667"]
[PlyCount "75"]
[EventDate "2021.10.26"]
[EventType "swiss (blitz)"]
[EventRounds "11"]
[EventCountry "USA"]
[SourceTitle "CBM 204 Extra"]
[Source "ChessBase"]
[SourceDate "2021.11.30"]
[SourceVersion "1"]
[SourceVersionDate "2021.11.30"]
[SourceQuality "1"]

1. e4 e5 2. Nc3 Nf6 3. g3 d5 4. exd5 Nxd5 5. Bg2 Nxc3 6. bxc3 c6 7. Ne2 Be7 8. 0-0 0-0 9. d4 Nd7 10. a4 a5 11. Be3 exd4 12. cxd4 Nb6 13. Nf4 Bf5 14. c3 Nc4 15. Bc1 Rc8 16. Re1 Qd7 17. Qe2 Nb6 18. Qxe7 Rfe8 19. Ba3 Rxe7 20. Rxe7 Qd8 21. Rxb7 Nc4 22. Bc5 Rb8 23. Rxb8 Qxb8 24. Bxc6 Qb2 25. Re1 h6 26. Nd5 Kh7 27. h4 Nd2 28. Ne3 Be4 29. Nd1 Qb1 30. Bxe4+ Nxe4 31. Kf1 Qd3+ 32. Kg2 Nxc5 33. dxc5 Qd5+ 34. Kg1 Qxc5 35. Re4 g5 36. hxg5 hxg5 37. Rd4 Kg6 38. g4 1/2-1/2

[Event "Titled Tuesday intern op 19th Oct"]
[Site "Chess.com INT"]
[Date "2021.10.19"]
[Round "3"]
[White "Djaparov, Medet"]
[Black "Shipov, Sergei"]
[Result "1/2-1/2"]
[WhiteElo "1667"]
[BlackElo "2541"]
[PlyCount "108"]
[EventDate "2021.10.19"]
[EventType "swiss (blitz)"]
[EventRounds "11"]
[EventCountry "USA"]
[SourceTitle "CBM 204 Extra"]
[Source "ChessBase"]
[SourceDate "2021.11.30"]
[SourceVersion "1"]
[SourceVersionDate "2021.11.30"]
[SourceQuality "1"]

1. d4 Nf6 2. c4 c5 3. d5 b5 4. cxb5 a6 5. bxa6 g6 6. Nc3 Bxa6 7. Nf3 Bg7 8. e4 Bxf1 9. Kxf1 d6 10. g3 0-0 11. Kg2 Qb6 12. a4 Na6 13. Nd2 Nc7 14. Nc4 Qb4 15. Qe2 Nd7 16. Bd2 Nb6 17. Nxb6 Qxb6 18. Rhb1 Rfb8 19. Ra3 Qa6 20. Qg4 Qd3 21. Rd1 Qa6 22. Bc1 Rb7 23. h4 h5 24. Qf3 Rab8 25. g4 hxg4 26. Qxg4 Ne8 27. Nb5 Nf6 28. Qf3 Nh5 29. b3 Ra8 30. Qe2 Qa5 31. Qc2 Qb4 32. Bd2 Rxb5 33. Bxb4 Rxb4 34. f3 Nf4+ 35. Kf2 Bf6 36. a5 Bxh4+ 37. Kg1 Bf6 38. a6 Rb6 39. a7 Rb7 40. Qa2 Bd4+ 41. Kf1 Kg7 42. Ra6 Be5 43. Ra5 f6 44. Ra6 Kf7 45. Qa4 Rh8 46. a8Q Rh1+ 47. Kf2 Rh2+ 48. Kf1 Rh1+ 49. Kf2 Rh2+ 50. Kg1 Ne2+ 51. Kf1 Ng3+ 52. Kg1 Ne2+ 53. Kf1 Ng3+ 54. Kg1 Ne2+ 1/2-1/2

[Event "Titled Tuesday intern op 19th Oct"]
[Site "Chess.com INT"]
[Date "2021.10.19"]
[Round "2"]
[White "Lauridsen, Jesper Morch"]
[Black "Djaparov, Medet"]
[Result "0-1"]
[WhiteElo "2215"]
[BlackElo "1667"]
[PlyCount "42"]
[EventDate "2021.10.19"]
[EventType "swiss (blitz)"]
[EventRounds "11"]
[EventCountry "USA"]
[SourceTitle "CBM 204 Extra"]
[Source "ChessBase"]
[SourceDate "2021.11.30"]
[SourceVersion "1"]
[SourceVersionDate "2021.11.30"]
[SourceQuality "1"]

1. e4 e5 2. Nf3 Nc6 3. Nc3 Nf6 4. d4 exd4 5. Nd5 Be7 6. Bf4 d6 7. Nxd4 0-0 8. Nb5 Nxd5 9. exd5 Ne5 10. Bxe5 dxe5 11. Bd3 f5 12. Bc4 Kh8 13. 0-0 a6 14. Nc3 Bd6 15. Qh5 Bd7 16. Rae1 Qf6 17. Re3 e4 18. Rh3 h6 19. f4 Qd4+ 20. Kh1 Qxc4 21. Qg6 Qxf1# 0-1

[Event "Titled Tuesday intern op 12th Oct"]
[Site "Chess.com INT"]
[Date "2021.10.12"]
[Round "1"]
[White "Demchenko, Anton"]
[Black "Djaparov, Medet"]
[Result "1-0"]
[WhiteElo "2651"]
[BlackElo "1667"]
[PlyCount "185"]
[EventDate "2021.10.12"]
[EventType "swiss (blitz)"]
[EventRounds "11"]
[EventCountry "USA"]
[SourceTitle "EXT 2023"]
[Source "ChessBase"]
[SourceDate "2022.10.05"]
[SourceVersion "1"]
[SourceVersionDate "2022.10.05"]
[SourceQuality "1"]

1. e4 e5 2. Nf3 Nc6 3. Bc4 Bc5 4. d3 Nf6 5. Nc3 d6 6. Na4 Bb6 7. c3 h6 8. 0-0 0-0 9. h3 Ne7 10. Nxb6 axb6 11. Bb3 Ng6 12. Re1 Re8 13. Bc2 Nh5 14. d4 Nf6 15. Bd2 Bd7 16. Bd3 Qe7 17. Qc2 Rad8 18. Rad1 Nh5 19. Bf1 Nhf4 20. Kh2 Qf6 21. Ng1 Ne6 22. Be3 Ng5 23. f3 Bc8 24. Qf2 Ne6 25. a4 Bd7 26. b3 Nef4 27. g3 Ne6 28. h4 Nef8 29. Bg2 Be6 30. Rb1 Ra8 31. d5 Bd7 32. c4 Ne7 33. Rf1 Nh7 34. Nh3 Ng6 35. Qd2 Ngf8 36. Nf2 Qe7 37. Qc2 Nf6 38. Bh3 N6h7 39. Rbe1 Bxh3 40. Nxh3 Qd7 41. Qg2 Nf6 42. Rg1 N6h7 43. Nf2 Ng6 44. Qh3 Qxh3+ 45. Kxh3 Ne7 46. g4 g5 47. h5 Kg7 48. Nh1 f6 49. Ng3 Nf8 50. Ra1 Ra6 51. Ra3 Rea8 52. Rga1 Nd7 53. b4 Kf7 54. Kg2 Ke8 55. Kf2 Kf7 56. Ke2 Ke8 57. Kd3 Kf7 58. Kc3 Ke8 59. Kb3 Kd8 60. Rc1 Kc8 61. c5 bxc5 62. bxc5 dxc5 63. Bxc5 Nxc5+ 64. Rxc5 Kd7 65. Rc4 b5 66. Rb4 bxa4+ 67. Raxa4 Rxa4 68. Rxa4 Rxa4 69. Kxa4 c6 70. dxc6+ Kxc6 71. Kb4 Kb6 72. Kc4 Kc6 73. Nf1 Nc8 74. Ne3 Nd6+ 75. Kb4 Nb5 76. Nf5 Nd4 77. Nxd4+ exd4 78. Kc4 d3 79. Kxd3 Kc5 80. Kc3 Kc6 81. Kc4 Kd6 82. Kd4 Ke6 83. e5 fxe5+ 84. Ke4 Kd6 85. Kf5 Kd5 86. Kg6 Kd4 87. Kxh6 Ke3 88. Kxg5 Kxf3 89. h6 e4 90. h7 e3 91. h8Q e2 92. Qc3+ Kf2 93. Qd2 1-0

[Event "Titled Tuesday intern op 12th Oct"]
[Site "Chess.com INT"]
[Date "2021.10.12"]
[Round "4"]
[White "Rastbod, Ali"]
[Black "Djaparov, Medet"]
[Result "0-1"]
[WhiteElo "2321"]
[BlackElo "1667"]
[PlyCount "144"]
[EventDate "2021.10.12"]
[EventType "swiss (blitz)"]
[EventRounds "11"]
[EventCountry "USA"]
[SourceTitle "EXT 2023"]
[Source "ChessBase"]
[SourceDate "2022.10.05"]
[SourceVersion "1"]
[SourceVersionDate "2022.10.05"]
[SourceQuality "1"]

1. c4 Nf6 2. Nc3 d5 3. cxd5 Nxd5 4. g3 g6 5. Bg2 Nb6 6. d3 Bg7 7. Be3 c6 8. Qd2 h5 9. Nf3 a5 10. 0-0 a4 11. Rac1 N8d7 12. Bg5 0-0 13. e4 Nc5 14. Rfd1 Bg4 15. Be3 Ne6 16. Ne2 Bxf3 17. Bxf3 Nd4 18. Nxd4 Bxd4 19. Kg2 e5 20. Bg5 Qd6 21. a3 Nd7 22. Rb1 Nc5 23. Be3 Ra6 24. Be2 Ne6 25. Qc2 b5 26. Rbc1 Rb8 27. h4 b4 28. Rb1 bxa3 29. bxa3 Rxb1 30. Rxb1 Qxa3 31. Rb8+ Kg7 32. Qc4 Ra7 33. Qxc6 Bxe3 34. fxe3 Qe7 35. Qc8 Nf8 36. Rb2 a3 37. Ra2 Ne6 38. Qc3 f6 39. d4 Qd6 40. d5 Nc5 41. Rxa3 Rxa3 42. Qxa3 Nxe4 43. Qxd6 Nxd6 44. Bd3 f5 45. Bb1 e4 46. Kf2 Kf6 47. Ba2 Ke5 48. Ke1 Nb5 49. Kd2 Nd6 50. Kc3 Ne8 51. Kb4 Kd6 52. Kc4 Nf6 53. Kd4 Ng4 54. Bb3 Ne5 55. Kc3 Nd7 56. Kd4 Ne5 57. Kc3 Nf3 58. Bc4 Kc5 59. Bb3 Ne5 60. d6 Kxd6 61. Kd4 Nc6+ 62. Kc3 Ne5 63. Kd4 Nc6+ 64. Kc3 Ke5 65. Bf7 Kf6 66. Be8 Ne5 67. Kd4 Nf3+ 68. Kc3 Nh2 69. Kd4 Nf1 70. g4 hxg4 71. Bd7 Ng3 72. h5 Nxh5 0-1